<?xml version="1.0" encoding="UTF-8"?>
<record
    xmlns:xsi="http://www.w3.org/2001/XMLSchema-instance"
    xsi:schemaLocation="http://www.loc.gov/MARC21/slim http://www.loc.gov/standards/marcxml/schema/MARC21slim.xsd"
    xmlns="http://www.loc.gov/MARC21/slim">

  <leader>02489nam a22003977i 4500</leader>
  <controlfield tag="003">DO-SdBNP</controlfield>
  <controlfield tag="005">20241218100743.0</controlfield>
  <controlfield tag="007">ta</controlfield>
  <controlfield tag="008">240516b2023    dr ad||| |||| 00| 0 spa d</controlfield>
  <datafield tag="020" ind1=" " ind2=" ">
    <subfield code="a">9789945942613</subfield>
  </datafield>
  <datafield tag="040" ind1=" " ind2=" ">
    <subfield code="a">DO-SdBNP</subfield>
    <subfield code="b">spa</subfield>
    <subfield code="c">BNPHU </subfield>
    <subfield code="e">rda</subfield>
  </datafield>
  <datafield tag="041" ind1=" " ind2=" ">
    <subfield code="a">spa</subfield>
  </datafield>
  <datafield tag="082" ind1="0" ind2="4">
    <subfield code="b">R426r 2023</subfield>
    <subfield code="2">22</subfield>
  </datafield>
  <datafield tag="110" ind1="1" ind2=" ">
    <subfield code="a">Rep&#xFA;blica Dominicana. Ministerio de Relaciones Exteriores</subfield>
    <subfield code="b">Viceministerio para las Comunidades Dominicanas en el Exterior</subfield>
    <subfield code="9">85484</subfield>
  </datafield>
  <datafield tag="245" ind1="1" ind2="0">
    <subfield code="a">Remesas y migraciones en Rep&#xFA;blica Dominicana : retos, din&#xE1;micas y perspectivas /</subfield>
    <subfield code="c">autores colaboradores Pablo Asencio Garc&#xED;a, Zhamir Brito, Mario Gallego Cosme, Manuel Orozco, Bryan V&#xE1;squez ; presentaci&#xF3;n Carlos De la Mota.</subfield>
  </datafield>
  <datafield tag="250" ind1=" " ind2=" ">
    <subfield code="a">Primera edici&#xF3;n</subfield>
  </datafield>
  <datafield tag="264" ind1=" " ind2="4">
    <subfield code="a">Santo Domingo, Rep&#xFA;blica Dominicana :</subfield>
    <subfield code="b"> Instituto de Dominicanos y Dominicanas en el Exterior ; Ministerio de Relaciones Exteriores ; Viceministerio para las Comunidades Dominicanas en el Exterior.</subfield>
    <subfield code="c">&#xA9;2023.</subfield>
  </datafield>
  <datafield tag="300" ind1=" " ind2=" ">
    <subfield code="a">105 p&#xE1;ginas : </subfield>
    <subfield code="b">ilustraciones, gr&#xE1;ficos, tablas ;</subfield>
    <subfield code="c">23 cm. </subfield>
  </datafield>
  <datafield tag="336" ind1=" " ind2=" ">
    <subfield code="a">texto</subfield>
    <subfield code="b">txt</subfield>
    <subfield code="2">rdacontent </subfield>
  </datafield>
  <datafield tag="337" ind1=" " ind2=" ">
    <subfield code="a">sin mediaci&#xF3;n </subfield>
    <subfield code="b">n</subfield>
    <subfield code="2">rdamedia</subfield>
  </datafield>
  <datafield tag="338" ind1=" " ind2=" ">
    <subfield code="a">volumen</subfield>
    <subfield code="b">nc</subfield>
    <subfield code="2">rdacarrier </subfield>
  </datafield>
  <datafield tag="504" ind1=" " ind2=" ">
    <subfield code="a">Bibliograf&#xED;a: p. 96-105</subfield>
  </datafield>
  <datafield tag="505" ind1="0" ind2=" ">
    <subfield code="a">Presentaci&#xF3;n --</subfield>
    <subfield code="t">Introduccci&#xF3;n --</subfield>
    <subfield code="t">Contexto general de las emigraciones dominicanas desde 1950 hasta la actualidad / </subfield>
    <subfield code="r">Zhamir Brito --</subfield>
    <subfield code="t">Din&#xE1;mica y tendencias de los flujos de remesas hacia la Rep&#xFA;blica Dominicana: repaso a sus principales variables caracterizadoras / 
</subfield>
    <subfield code="r">Bryan V&#xE1;squez &#x2013;
</subfield>
    <subfield code="t">El mercado de intermediaci&#xF3;n de remesas familiares de la Rep&#xFA;blica Dominicana / </subfield>
    <subfield code="r">Manuel Orozco </subfield>
    <subfield code="t">Migraciones y remesas: retos y desaf&#xED;os para la Rep&#xFA;blica Dominicana / </subfield>
    <subfield code="r">Mario Gallego Cosme </subfield>
    <subfield code="t">M&#xE1;s all&#xE1; de las remesas: experiencia y buenas pr&#xE1;cticas de la Rep&#xFA;blica Dominicana en la gesti&#xF3;n del desarrollo / </subfield>
    <subfield code="r">Mario Gallego Cosme, </subfield>
    <subfield code="r">Bryan V&#xE1;squez.</subfield>
  </datafield>
  <datafield tag="590" ind1=" " ind2=" ">
    <subfield code="a">Inventariado, 2024 /LP </subfield>
  </datafield>
  <datafield tag="650" ind1=" " ind2="4">
    <subfield code="a">Emigraci&#xF3;n e Inmigraci&#xF3;n </subfield>
    <subfield code="z">Rep&#xFA;blica Dominicana</subfield>
    <subfield code="9">85485</subfield>
  </datafield>
  <datafield tag="650" ind1=" " ind2="4">
    <subfield code="a">Remesas </subfield>
    <subfield code="z">Rep&#xFA;blica Dominicana</subfield>
    <subfield code="9">10381</subfield>
  </datafield>
  <datafield tag="650" ind1=" " ind2="4">
    <subfield code="a">Movimiento de capitales </subfield>
    <subfield code="z">Rep&#xFA;blica Dominicana</subfield>
    <subfield code="9">12122</subfield>
  </datafield>
  <datafield tag="650" ind1=" " ind2="4">
    <subfield code="a">Econom&#xED;a </subfield>
    <subfield code="x">Desarrollo local</subfield>
    <subfield code="9">85486</subfield>
  </datafield>
  <datafield tag="700" ind1="1" ind2=" ">
    <subfield code="a">Asencio Garc&#xED;a, Pablo,</subfield>
    <subfield code="e">introducci&#xF3;n </subfield>
    <subfield code="9">84116</subfield>
  </datafield>
  <datafield tag="700" ind1="1" ind2=" ">
    <subfield code="a">Mota, Carlos de la,</subfield>
    <subfield code="e">presentaci&#xF3;n</subfield>
    <subfield code="9">85490</subfield>
  </datafield>
  <datafield tag="700" ind1="1" ind2=" ">
    <subfield code="a">Brito, Zhamir,</subfield>
    <subfield code="e">autor</subfield>
    <subfield code="9">85487</subfield>
  </datafield>
  <datafield tag="700" ind1="1" ind2=" ">
    <subfield code="a">Gallego Cosme, Mario,</subfield>
    <subfield code="e">autor</subfield>
    <subfield code="9">84117</subfield>
  </datafield>
  <datafield tag="700" ind1="1" ind2=" ">
    <subfield code="a">Orozco, Manuel,</subfield>
    <subfield code="e">autor</subfield>
    <subfield code="9">85488</subfield>
  </datafield>
  <datafield tag="700" ind1="1" ind2=" ">
    <subfield code="a">V&#xE1;squez, Bryan</subfield>
    <subfield code="e">autor</subfield>
    <subfield code="9">85489</subfield>
  </datafield>
  <datafield tag="942" ind1=" " ind2=" ">
    <subfield code="2">ddc</subfield>
    <subfield code="c">LBS1</subfield>
  </datafield>
  <datafield tag="952" ind1=" " ind2=" ">
    <subfield code="0">0</subfield>
    <subfield code="1">0</subfield>
    <subfield code="2">ddc</subfield>
    <subfield code="5">1</subfield>
    <subfield code="7">0</subfield>
    <subfield code="8">PD</subfield>
    <subfield code="a">BNPHU</subfield>
    <subfield code="b">BNPHU</subfield>
    <subfield code="c">HD</subfield>
    <subfield code="d">2024-05-16</subfield>
    <subfield code="e">Dep&#xF3;sito Legal</subfield>
    <subfield code="l">0</subfield>
    <subfield code="o">BNPHU PD  R426r 2023</subfield>
    <subfield code="p">2024-3000</subfield>
    <subfield code="r">2024-05-16</subfield>
    <subfield code="w">2024-05-16</subfield>
    <subfield code="y">LBS1</subfield>
  </datafield>
  <datafield tag="952" ind1=" " ind2=" ">
    <subfield code="0">0</subfield>
    <subfield code="1">0</subfield>
    <subfield code="2">ddc</subfield>
    <subfield code="5">1</subfield>
    <subfield code="7">0</subfield>
    <subfield code="8">PD</subfield>
    <subfield code="a">BNPHU</subfield>
    <subfield code="b">BNPHU</subfield>
    <subfield code="c">HD</subfield>
    <subfield code="d">2024-05-16</subfield>
    <subfield code="e">Dep&#xF3;sito Legal</subfield>
    <subfield code="l">0</subfield>
    <subfield code="o">BNPHU PD R426r 2023</subfield>
    <subfield code="p">2024-3001</subfield>
    <subfield code="r">2024-05-16</subfield>
    <subfield code="t">e. 2</subfield>
    <subfield code="w">2024-05-16</subfield>
    <subfield code="y">LBS1</subfield>
  </datafield>
  <datafield tag="952" ind1=" " ind2=" ">
    <subfield code="0">0</subfield>
    <subfield code="1">0</subfield>
    <subfield code="2">ddc</subfield>
    <subfield code="5">6</subfield>
    <subfield code="7">0</subfield>
    <subfield code="8">DS</subfield>
    <subfield code="a">BNPHU</subfield>
    <subfield code="b">BNPHU</subfield>
    <subfield code="c">HD</subfield>
    <subfield code="d">2024-05-16</subfield>
    <subfield code="e">Dep&#xF3;sito Legal</subfield>
    <subfield code="l">0</subfield>
    <subfield code="o">BNPHU DS R426r 2023</subfield>
    <subfield code="p">2024-3002</subfield>
    <subfield code="r">2024-05-16</subfield>
    <subfield code="t">e. 3</subfield>
    <subfield code="w">2024-05-16</subfield>
    <subfield code="y">LBS1</subfield>
  </datafield>
  <datafield tag="999" ind1=" " ind2=" ">
    <subfield code="c">56680</subfield>
    <subfield code="d">56680</subfield>
  </datafield>
</record>
